00351nam a22001457a 4500020001800000082001600018100001900034245003600053250001200089260003200101300001000133650002200143650002500165650001500190 a9789364876476 aM301bKAV/O aKavya Ayyappan aOravakkuthy/cby Kavya Ayyappan a3rd ed. aKottayam:bDC books,c2025. a125p. aStories Malayalam aLiterature Malayalam aLiterature